| 000 | 01583 a2200361 4500 | ||
|---|---|---|---|
| 001 | 200422679 | ||
| 999 |
_c200422679 _d39649 |
||
| 003 | TR-AnTOB | ||
| 005 | 20200303101927.0 | ||
| 008 | 150807s2014 gw 001 0 | ||
| 020 | _a9783035410129 (judocu : hd.bd.) | ||
| 020 | _a9783727286858 (hd. bd.) | ||
| 024 | _a9783727286858 | ||
| 040 |
_aDLC _beng _cDLC _dTR-AnTOB _erda |
||
| 041 | _ager | ||
| 050 | 0 | 0 |
_aKKW540 _b.H38 2014 |
| 090 | _aKKW540 .H38 2014 | ||
| 100 | 1 |
_aHausheer, Heinz _eauthor. _962473 |
|
| 245 | 1 | 0 |
_aDas Familienrecht des Schweizerischen Zivilgesetzbuches : _bEheschliessung, Scheidung, allgemeine Wirkungen der Ehe, Güterrecht, Kindesrecht, Erwachsenenschutzrecht, eingetragene Partnerschaft, Konkubinat / _cHeinz Hausheer, Dr. iur., Dr. h.c., em. Professor der Universität Bern, Thomas Geiser, Dr. iur., ordentlicher Professor der Universität St. Gallen, Regina E. Aebi-Müller, Dr. iur., ordentliche Professorin der Universität Luzern. |
| 250 | _a5., vollständig überarbeitete und aktualisierte Auflage. | ||
| 264 | 1 |
_aBern : _bStämpfli, _c2014. |
|
| 300 |
_axlviii, 644 pages ; _c24 cm. |
||
| 336 |
_atext _btxt _2rdacontent |
||
| 337 |
_aunmediated _bn _2rdamedia |
||
| 338 |
_avolume _bnc _2rdacarrier |
||
| 490 | 0 | _aStämpflis juristische Lehrbücher | |
| 504 | _aIncludes bibliographical references and index. | ||
| 650 | 0 |
_aDomestic relations _zSwitzerland _962393 |
|
| 650 | 0 |
_aMarriage law _zSwitzerland _970206 |
|
| 700 | 1 |
_aGeiser, Thomas _d1952- _eauthor. _9112145 |
|
| 700 | 1 |
_aAebi-Müller, Regina Elisabeth _eauthor. _9108561 |
|
| 942 | _cBK | ||